| 000 | 00561nam a2200133Ia 4500 | ||
|---|---|---|---|
| 008 | 171212s9999 xx 000 0 und d | ||
| 020 | _a9781439910283 | ||
| 100 | _aFredette, Jennifer | ||
| 245 |
_cFredette, Jennifer _aConstructing Muslims in France _bDiscourse, Public Identity, and the Politics of Citizenship |
||
| 260 |
_bTemple University Press _c2014 |
||
| 650 | _aMuslims -- France -- Social conditions; Muslims -- France -- Ethnic identity; France -- Ethnic relations | ||
| 650 | _aPolitical Science | ||
| 856 | _uhttp://www.jstor.org/stable/j.ctt14bt3kx | ||
| 999 |
_c352843 _d352843 |
||